Análisis hidráulico y económico de sistemas separado y combinado de alcantarillado pluvial y sanitario

Salvato in:
Dettagli Bibliografici
Autore principale: Avila Pérez, Franklin
Altri autori: Boyer Goban, Randall
Natura: Libro
Pubblicazione: San José, Costa Rica 1987
Soggetti:
Tags: Aggiungi Tag
Nessun Tag, puoi essere il primo ad aggiungerne!!

MARC

LEADER 00000nam a2200000Ia 4500
003 004563
005 20221231144345.0
008 140114s1987 cr a m 000 ||s d
040 |c cru CEDI 
090 |a TFG 2092 
100 |a Avila Pérez, Franklin  |9 13665 
245 |a Análisis hidráulico y económico de sistemas separado y combinado de alcantarillado pluvial y sanitario 
260 |c 1987  |a San José, Costa Rica 
300 |a xii, [174] hojas : ilustraciones ; 28 cm  
500 |a  Proyecto de graduación (licenciatura en ingeniería civil)--Universidad de Costa Rica. Facultad de Ingeniería. Escuela de Ingeniería Civil 
650 |x AGUAS PLUVIALES   |x AGUAS RESIDUALES   |x INGENIERÍA SANITARIA   |x ALCANTARILLADO   |x  ASPECTOS ECONOMICOS   |x  ESCAZU (SAN JOSE, COSTA RICA)  |9 13667 
700 |9 13666  |a Boyer Goban, Randall 
942 |c TFG  |2 ddc 
999 |c 20667  |d 20667